| 000 | 00481nam a2200193 a 4500 | ||
|---|---|---|---|
| 001 | 1759293239902 | ||
| 003 | YourLibrary | ||
| 005 | 20251001111357.0 | ||
| 008 | 251001s2007##################000#0#eng## | ||
| 020 | _a9780262083607 | ||
| 082 | 0 | 4 |
_a161 _bKUL |
| 100 | 1 |
_aHarman, Gilbert, _eauthor. |
|
| 245 | 1 | 0 | _aReliable Reasoning : |
| 260 |
_bMit Press, _c2007. |
||
| 300 | _a108 pages | ||
| 650 | 0 | _aPhilosophy. | |
| 942 | _cENGLISH | ||
| 040 |
_aYourLibrary _beng _cYourLibrary |
||
| 999 |
_c590313 _d590313 |
||